LEADER 03680nam 22008175 450 001 9910743293803321 005 20251116152031.0 010 $a9783839468395 010 $a3839468396 024 7 $a10.1515/9783839468395 035 $a(CKB)27997382300041 035 $a(DE-B1597)659810 035 $a(DE-B1597)9783839468395 035 $a(MiAaPQ)EBC7281635 035 $a(Au-PeEL)EBL7281635 035 $a(OCoLC)1399424920 035 $a(ScCtBLL)298cde44-b48e-4224-9cf2-2f366e94c1ae 035 $a(Perlego)4086141 035 $a(EXLCZ)9927997382300041 100 $a20231201h20232023 fg 101 0 $ager 135 $aur||||||||||| 181 $ctxt$2rdacontent 182 $cc$2rdamedia 183 $acr$2rdacarrier 200 15$aDer »europäische Orient« $eTransnationale und transatlantische Bilder vom »Balkan«, 1850-1918 /$fEva Tamara Asboth 205 $a1st ed. 210 1$aBielefeld : $ctranscript Verlag, $d[2023] 210 4$d©2023 215 $a1 online resource (286 p.) 225 0 $aPostcolonial Studies ;$v48 311 08$a9783837668391 327 $tFrontmatter -- $tEditorial -- $tInhalt -- $t1. Orient und Okzident -- $t2. Die »Aufhellung des Dunkels« -- $t3. Malen nach Zahlen -- $t4. Orientalisch oder doch märchenhaft? -- $t5. Das »Stiefkind der europäischen Familie« -- $t6. Schurken und Geheimbündler -- $t7. Kossovo Day, New York, 1918 -- $t8. Schlussbetrachtungen über den »europäischen Orient« -- $tAbbildungsverzeichnis -- $tQuellenverzeichnis -- $tLiteraturverzeichnis -- $tAnhang 330 $aMit den jugoslawischen Nachfolgekriegen beherrschten in den 1990ern Narrative von ewigem Hass und interethnischer Gewalt auf dem »Balkan« die westlichen Medien. Doch bereits Mitte des 19. Jahrhunderts war dieser als imaginierter »europäischer Orient« in den geopolitischen und medialen Fokus angrenzender und weit(er) entfernter Länder gerückt. Wie wurden Bilder vom »Balkan« mit orientalisierten Vorstellungen angereichert oder davon abgegrenzt? Am Beispiel der Encounter Felix Kanitz und Edith Durham sowie der serbischen US-Migrationsgemeinschaft um Mihajlo Pupin beleuchtet Eva Tamara Asboth, wie Geschichtsbilder räumlich transferiert und übersetzt wurden. Sie zeigt: Die regionale Geschichte war und ist von zahlreichen Begegnungen, Widersprüchen und politischen Verwicklungen geprägt. 410 0$aPostcolonial Studies 606 $aSOCIAL SCIENCE / Popular Culture$2bisacsh 610 $aAustria. 610 $aBalkan. 610 $aBosnia and Herzegovina. 610 $aCommunication History. 610 $aCultural History. 610 $aCultural Studies. 610 $aEthnography. 610 $aEurope. 610 $aEuropean History. 610 $aGlobal History. 610 $aHistoriography. 610 $aHistory of Knowledge. 610 $aKosovo. 610 $aMedia. 610 $aMemory Culture. 610 $aMontenegro. 610 $aOrient. 610 $aPostcolonialism. 610 $aPublic Sphere. 610 $aSerbia. 610 $aTransatlantic Migration. 610 $aTransfer History. 610 $aTransnational History. 610 $aUSA. 610 $aWestern World. 615 7$aSOCIAL SCIENCE / Popular Culture. 676 $a320.9496 700 $aAsboth$b Eva Tamara$4aut$4http://id.loc.gov/vocabulary/relators/aut$01453598 712 02$aO?sterreichische Akademie der Wissenschaften,$4fnd$4http://id.loc.gov/vocabulary/relators/fnd 801 0$bDE-B1597 801 1$bDE-B1597 906 $aBOOK 912 $a9910743293803321 996 $aDer »europäische Orient«$93656356 997 $aUNINA